LEADER 00720nam0 2200253 450 001 000002831 005 20050630115800.0 010 $a88-15-07309-4 100 $a--------d1999----km-y0itay50------ba 101 $aita 102 $aIT 200 1 $a<>servizi pubblici$fNicoletta Rangone 210 $aBologna$cIl Mulino$d1999c 215 $a324 p.$d22 cm 225 2 $aStudi e ricerche$v441. 410 0$12001$aStudi e ricerche 610 1 $aServizi pubblici$aLegislazione 676 $a343.4509 700 1$aRangone,$bNicoletta$0144584 801 0$aIT $bUNIPARTHENOPE $gRICA $2UNIMARC 912 $a000002831 951 $cNAVA1$a343-S/13$b34251$d20010528 996 $aServizi pubblici$970027 997 $aUNIPARTHENOPE LEADER 00869nam0-22002891i-450- 001 990001742250403321 005 20160502115947.0 035 $a000174225 035 $aFED01000174225 035 $a(Aleph)000174225FED01 035 $a000174225 100 $a20030910d1937----km-y0itay50------ba 101 0 $aita 102 $aIT 200 1 $aAnton Maria Lorgna$ememorie pubblicate nel secondo centenario dalla nascita$fa cura dell'Accademia di agricoltura science lettere di Verona 210 $aVerona$cLa Tipografica Veronese$d1937 215 $a187 p.$d25 cm 610 0 $aLorgna, Antonio Maria$aBiografia 676 $a925 702 1$aLorgna,$bAntonio Maria 801 0$aIT$bUNINA$gRICA$2UNIMARC 901 $aBK 912 $a990001742250403321 952 $a60 925 B 6$b8186$fFAGBC 959 $aFAGBC 996 $aAnton Maria Lorgna$9366192 997 $aUNINA LEADER 01293cam0-2200397---450- 001 990000770880203316 005 20090714151248.0 010 $a88-324-4421-6 035 $a0077088 035 $aUSA010077088 035 $a(ALEPH)000077088USA01 035 $a0077088 100 $a20011126d2001----|||y0itay0103----ba 101 0 $aita 102 $aIT 105 $a||||||||001yy 200 1 $a<>affitto d'azienda$edisciplina civilistica del contratto, adempimenti fiscali e contabili, formulario anche su floppy$fMarco Levis, Emanuela Gromis di Trana 205 $a4. ed. 210 $aMilano$cIl sole 24 ore$d2001 215 $aXIX, 383, 7 p.$d24 cm$e+ 1 floppy-disk 610 $aAziende Affitto 676 $a346.4504346 700 1$aLEVIS,$bMarco$0381675 701 1$aGROMIS DI TRANA,$bEmanuela$0541836 801 $aIT$bSALBC$gISBD 912 $a990000770880203316 951 $aXXV.1.H 249 (IG I 1613 A)$b31975 G.$cXXV.1.H 249 (IG I)$d00079293 959 $aBK 969 $aGIU 979 $aANGELA$b90$c20011126$lUSA01$h1325 979 $c20020403$lUSA01$h1724 979 $aPATRY$b90$c20040406$lUSA01$h1653 979 $aRSIAV5$b90$c20090714$lUSA01$h1512 979 $aCHIARA$b90$c20110519$lUSA01$h1422 996 $aAffitto d'azienda$91514846 997 $aUNISA LEADER 01301nam--2200409---450- 001 990000455460203316 005 20050614132431.0 010 $a88-8114-217-1 035 $a0045546 035 $aUSA010045546 035 $a(ALEPH)000045546USA01 035 $a0045546 100 $a20010518d1995----km-y0itay0103----ba 101 $aita 102 $aIT 105 $a||||||||001yy 200 1 $aD. Bonhoeffer$eun'etica cristiana della responsabilità per laici e credenti$fNynfa Bosco 210 $aNapoli$cEdizioni scientifiche italiane$d1995 215 $a152 p.$d21 cm 225 2 $aBiblioteca di filosofia e teologia$iSaggi$v4 410 $12001$aBiblioteca di filosofia e teologia$iSaggi$v4 461 1$1001-------$12001 606 0 $aBonhoeffer, Dietrich 676 $a230.044092 700 1$aBOSCO,$bNynfa$0152191 801 0$aIT$bsalbc$gISBD 912 $a990000455460203316 951 $aII.2. 2985(IV E COLL. 15/4)$b128069 LM$cIV E COLL 951 $aII.2. 2985a(IV E COLL. 15/4BIS)$b129599 LM$cIV E COLL 959 $aBK 969 $aUMA 979 $aPATTY$b90$c20010518$lUSA01$h1431 979 $c20020403$lUSA01$h1654 979 $aPATRY$b90$c20040406$lUSA01$h1632 979 $aCOPAT3$b90$c20050614$lUSA01$h1324 996 $aD. Bonhoeffer$9625982 997 $aUNISA LEADER 00907nam0-22003131i-450 001 990001731830403321 005 20190529131336.0 035 $a000173183 035 $aFED01000173183 035 $a(Aleph)000173183FED01 035 $a000173183 100 $a20030910d1911----km-y0itay50------ba 101 0 $aita 200 1 $aDiscorso inaugurale$e2. Congresso agricolo-antimalarico italiano, allegato n. 1$fGiacomo Rossi 210 $aNapoli$c...$d1911 215 $a8 p.$d25 cm 300 $aEstr. da: La Propaganda antimalarica, n. 6, 1910. 610 0 $aIgiene ambientale 610 0 $aMalaria 676 $a614.432 700 1$aRossi,$bGiacomo$0333743 801 0$aIT$bUNINA$gRICA$2UNIMARC 901 $aLG 912 $a990001731830403321 952 $a60 MISC. B 140/12$fFAGBC 952 $a60 OP. 32/4$b33967$fFAGBC 959 $aFAGBC 996 $aDiscorso inaugurale$9365275 997 $aUNINA LEADER 00809nam0-22003131i-450 001 990001786320403321 005 20190628113004.0 010 $a88-206-3791-X 035 $a000178632 035 $aFED01000178632 035 $a(Aleph)000178632FED01 035 $a000178632 100 $a20021010d1995----km-y0itay50------ba 101 0 $aita 200 1 $aAnimali da cortile$fG. Rocca, E. Bracali 210 $aBologna$cEdagricole$d1995 215 $aXIV, 334 p.$d24 cm 610 0 $aAvicoltura 676 $a636.5 700 1$aRocca,$bG.$0353705 702 1$aBracali,$bE. 801 0$aIT$bUNINA$gRICA$2UNIMARC 901 $aBK 912 $a990001786320403321 952 $a60 636.5 ROCG 1995$b5020$fFAGBC 959 $aFAGBC 996 $aAnimali da cortile$9407859 997 $aUNINA DB $aING01 LEADER 00866nam0-22003251i-450 001 990001718980403321 005 20191112105334.0 035 $a000171898 035 $aFED01000171898 035 $a(Aleph)000171898FED01 035 $a000171898 100 $a20030910d1982----km-y0itay50------ba 101 0 $aita 102 $aIT 105 $ay-------001yy 200 1 $a<>micorrize$fPaola Bonfante, Manuela Giovannetti 210 $aPadova$cPiccin$d1982 215 $a46 p.$d24 cm 225 1 $aQuaderni di biologia$iSerie verde$v8 610 0 $aMicorrize 676 $a589.2 700 1$aBonfante,$bPaola$064973 701 1$aGiovannetti,$bManuela$074168 801 0$aIT$bUNINA$gRICA$2UNIMARC 901 $aLG 912 $a990001718980403321 952 $a60 OP. 171/7$b574$fFAGBC 959 $aFAGBC 996 $aMicorrize$91420645 997 $aUNINA LEADER 03550nam 2200637Ia 450 001 9910453611703321 005 20200520144314.0 010 $a1-281-51504-3 010 $a9786611515041 010 $a0-19-972199-8 035 $a(CKB)1000000000541043 035 $a(EBL)415523 035 $a(OCoLC)367906292 035 $a(SSID)ssj0000490054 035 $a(PQKBManifestationID)12148079 035 $a(PQKBTitleCode)TC0000490054 035 $a(PQKBWorkID)10480367 035 $a(PQKB)11049355 035 $a(MiAaPQ)EBC415523 035 $a(Au-PeEL)EBL415523 035 $a(CaPaEBR)ebr10237130 035 $a(CaONFJC)MIL151504 035 $a(OCoLC)265700575 035 $a(EXLCZ)991000000000541043 100 $a20080331d2008 uy 0 101 0 $aeng 135 $aur|n|---||||| 181 $ctxt 182 $cc 183 $acr 200 10$aMassacre at Mountain Meadows$b[electronic resource] $ean American tragedy /$fRonald W. Walker, Richard E. Turley, Jr., Glen M. Leonard 210 $aOxford ;$aNew York $cOxford University Press$d2008 215 $a1 online resource (447 p.) 300 $aMap on lining papers. 311 $a0-19-974756-3 311 $a0-19-516034-7 320 $aIncludes bibliographical references (p. [281]-408) and index. 327 $aContents; Preface; Prologue: A Picture of Human Suffering: Mountain Meadows, May 1859; ONE: Exiles from Freedom: New York to the Iowa Plains, 1830?1846; TWO: Peals of Thunder: Utah, 1847?1857; THREE: No More Submit to Oppression: Silver Lake, July 24, 1857; FOUR: Avoid All Excitement, But Be Ready: Salt Lake City to Parowan, July 24?August 8, 1857; FIVE: Preaching a Military Discourse: Southern Utah, August 9?21, 1857; SIX: A Splendid Train: Arkansas to Utah, Emigration Season, 1857; SEVEN: Restless and Excited Beings: Northern Utah, July?August 1857 327 $aEIGHT: We Have Better Claim: Salt Lake to Fillmore, August 1857NINE: Men Have Magnified a Natural Circumstance: Corn Creek to Parowan, Late August?Early September 1857; TEN: Make It an Indian Massacre: Cedar City, July 24?September 5, 1857; ELEVEN: A Fearful Responsibility: Cedar City and Southwest, September 5?7, 1857; TWELVE: Finish His Dirty Job: Parowan to Mountain Meadows, September 7?10, 1857; THIRTEEN: Decoyed Out and Destroyed: Mountain Meado 330 $aOn September 11, 1857, a band of Mormon militia, under a flag of truce, lured unarmed members of a party of emigrants from their fortified encampment and, with their Paiute allies, killed them. More than 120 men, women, and children perished in the slaughter. Massacre at Mountain Meadows offers the most thoroughly researched account of the massacre ever written. Drawn from documents previously not available to scholars and a careful re-reading of traditional sources, this gripping narrative offers fascinating new insight into why Mormons settlers in isolated southern Utah deceived the emigrant 606 $aMountain Meadows Massacre, Utah, 1857 606 $aMassacres$zUtah 608 $aElectronic books. 615 0$aMountain Meadows Massacre, Utah, 1857. 615 0$aMassacres 676 $a979.2/02 700 $aWalker$b Ronald W$g(Ronald Warren),$f1939-$0959959 701 $aLeonard$b Glen M$0959960 701 $aTurley$b Richard E.$cJr.,$f1956-$0959961 801 0$bMiAaPQ 801 1$bMiAaPQ 801 2$bMiAaPQ 906 $aBOOK 912 $a9910453611703321 996 $aMassacre at Mountain Meadows$92175712 997 $aUNINA LEADER 01595nam a2200409Ii 4500 001 991003931849707536 006 m o d 007 cr c| ||||| 008 210401t20182018sz a ob 001 0 eng d 020 $a9783319950464$q(electronic book) 035 $ab14411179-39ule_inst 040 $aBibl. Dip.le Aggr. DiSTeBA - Sez. Biologia$beng 082 04$a617.735$223 100 1 $aTsang, Stephen H.,$01204564 245 10$aAtlas of inherited retinal diseases$h[e-book] /$cStephen H. Tsang, Taurn Sharma 264 1$aCham :$bSpringer,$c[2018] 264 4$c©2018 300 $a1 online resource (xix, 274 pages) :$billustrations (chiefly color) 336 $atext$btxt$2rdacontent 337 $acomputer$bc$2rdamedia 338 $aonline resource$bcr$2rdacarrier 490 1 $aAdvances in experimental medicine and biology ;$v1085 504 $aIncludes bibliographical references and index 506 $aAvailable toSIBA 650 0$aRetina$xDisease 650 0$aGenetic disorders 650 12$aRetinal Diseases$xgenetics 650 22$aRetina$xdiagnostic imaging 655 4$aElectronic books 700 1 $aSharma, Tarun K. 776 08$iPrint version.$tAtlas of inherited retinal diseases 856 40$3SpringerLink$zConnect to resource (off-campus)$uhttp://proxy.ohiolink.edu:9099/login?url=http://link.springer.com/10.1007/978-3-319-95046-4 907 $a.b14411179$b03-03-22$c30-03-21 912 $a991003931849707536 996 $aAtlas of inherited retinal diseases$92779944 997 $aUNISALENTO 998 $ale003$b30-03-21$cm$d@ $e-$feng$gsz $h0$i0 LEADER 00927nam a22002171i 4500 001 991002906819707536 005 20030816204934.0 008 030925s1935 it |||||||||||||||||ita 035 $ab12353334-39ule_inst 035 $aARCHE-040087$9ExL 040 $aBiblioteca Interfacoltà$bita$cA.t.i. Arché s.c.r.l. Pandora Sicilia s.r.l. 100 1 $aZingarelli, Nicola$02124 245 10$aScritti di varia letteratura :$braccolti a cura degli amici in occasione del suo commiato dalla scuola /$cNicola Zingarelli 260 $aMilano :$bU. Hoepli,$c1935 300 $aXVII, 576 p., [1] ritr. ;$c26 cm 907 $a.b12353334$b02-04-14$c08-10-03 912 $a991002906819707536 945 $aLE002 It. X H 3 (Fondo Sanesi)$g1$i2002000168337$lle002$o-$pE0.00$q-$rn$so $t0$u2$v0$w2$x0$y.i1275741x$z08-10-03 996 $aScritti di varia letteratura$9158138 997 $aUNISALENTO 998 $ale002$b08-10-03$cm$da $e-$fita$git $h0$i1 LEADER 02123nam 2200541 450 001 9910797682403321 005 20231221124559.0 010 $a1-4438-8152-X 035 $a(CKB)3710000000473540 035 $a(EBL)4534706 035 $a(SSID)ssj0001637156 035 $a(PQKBManifestationID)16395566 035 $a(PQKBTitleCode)TC0001637156 035 $a(PQKBWorkID)14956213 035 $a(PQKB)11364660 035 $a(MiAaPQ)EBC4534706 035 $a(Au-PeEL)EBL4534706 035 $a(CaPaEBR)ebr11215729 035 $a(CaONFJC)MIL830947 035 $a(OCoLC)922704072 035 $a(PPN)234641398 035 $a(EXLCZ)993710000000473540 100 $a20160623h20152015 uy 0 101 0 $aeng 135 $aur|n|---||||| 181 $ctxt 182 $cc 183 $acr 200 00$aMedieval urban identity $ehealth, economy and regulation /$fedited by Flocel Sabate? 210 1$aNewcastle upon Tyne, England :$cCambridge Scholars Publishing,$d2015. 210 4$d©2015 215 $a1 online resource (270 p.) 300 $aDescription based upon print version of record. 311 $a1-4438-7785-9 330 $aThe increasing prominence of urban life during the Middle Ages is undoubtedly one of the more transcendental and multi-faceted aspects of this era, having an effect on rules and laws, hygiene, and economic organisation. This book brings together contributions from a wide range of scholars who adopt a new approach to medieval urban life, using health, the economy, and regulations and laws as frames of reference for gaining a greater understanding of this historical period. Through these vectors, interesting insights are provided into medieval housing, cures for diseases, the work of artisans an 606 $aCity dwellers 606 $aUrban health 615 0$aCity dwellers. 615 0$aUrban health. 676 $a307.76092 702 $aSabate?$b Flocel 801 0$bMiAaPQ 801 1$bMiAaPQ 801 2$bMiAaPQ 906 $aBOOK 912 $a9910797682403321 996 $aMedieval urban identity$93847014 997 $aUNINA LEADER 01054nam 2200313z- 450 001 9910693919803321 005 20161209105221.0 035 $a(CKB)5860000000019312 035 $a(BIP)013381141 035 $a(EXLCZ)995860000000019312 100 $a20220406c2005uuuu -u- - 101 0 $aeng 200 10$aCollapse of Enron $ehearing before the Committee on Commerce, Science, and Transportation, United States Senate, One Hundred Seventh Congress, second session, February 12, 2002 215 $a1 online resource (iii, 76 p.) 311 $a0-16-074015-0 517 $aCollapse of Enron 606 $aEnergy industries$xCorrupt practices$zUnited States 606 $aBusiness failures$zUnited States 610 $aEnron corp. 610 $aEnergy industries 610 $aBusiness failures 610 $aIndustries 610 $aBusiness & economics 615 0$aEnergy industries$xCorrupt practices 615 0$aBusiness failures 906 $aBOOK 912 $a9910693919803321 996 $aCollapse of Enron$93101066 997 $aUNINA LEADER 01113nam a2200301 i 4500 001 991003013939707536 005 20250505133007.0 008 940614s1992 it er 001 0 ita 020 $a8804332670 035 $ab11095374-39ule_inst 035 $aPARLA173360$9ExL 040 $aBibl. Dip.le Aggr. Studi Umanistici - Sez. Filosofia$bita$dSocioculturale Scs 082 04$a270.1$223 100 1 $aRuggiero, Fabio$0297403 245 13$aLa follia dei cristiani :$bsu un aspetto della "reazione pagana" tra 1. e 5. secolo /$cFabio Ruggiero ; prefazione di Manlio Simonetti 260 $aMilano :$bIl Saggiatore,$c1992 300 $aXVI, 250 p. ;$c23 cm 490 1 $aLa cultura 650 4$aPaganesimo 650 4$aCristianesimo$xPersecuzione 700 1 $aSimonetti, Manlio 830 3$aLa cultura 907 $a.b11095374$b21-09-06$c28-06-02 912 $a991003013939707536 945 $aLE005 MF 36 I 6$g1$i2005000223679$lle005$o-$pE0.00$q-$rl$s-$t0$u2$v0$w2$x0$y.i11228209$z28-06-02 996 $aFollia dei cristiani$9287273 997 $aUNISALENTO 998 $ale005$b01-01-94$cm$da$e-$fita$git$h3$i1 LEADER 00970cam2 22002771 450 001 SOBE00083050 005 20250509095855.0 100 $a20250509d2004 |||||ita|0103 ba 101 $aita 102 $aIT 200 0 $a1$fMichele Camerota 210 $aRoma$cIl giornale$d2004 215 $a394 p.$d24 cm 225 2 $aBiblioteca storica$v8 410 1$1001SOBE00083051$12001 $a*Biblioteca storica$v8 461 1$1001SOBE00083049$12001 $aGalileo Galilei e la cultura scientifica nell'età della Controriforma / Michele Camerota 700 1$aCamerota$b, Michele$3A600200063877$4070$0290110 801 0$aIT$bUNISOB$c20250509$gRICA 850 $aUNISOB 852 $aUNISOB$jFondo|Calì$m182732 912 $aSOBE00083050 940 $aM 102 Monografia moderna SBN 941 $aW 957 $aFondo|Calì$b000522$i-1$gSI$d182732$n20250331$hCali$rDono$tI$1rovito$2UNISOB$3UNISOB$420250509095224.0$520250509095328.0$6rovito 996 $a1$94376301 997 $aUNISOB